000
00337 a2200157 4500
001
164180
020
_a
040
_c
Magnum
100
_a
Scliar, Moacyr
240
1
0
_a
Os contistas e outras historias
_l
por
245
1
0
_a
Os contistas e outras historias
362
0
_a
1899
440
1
_a
Ediouro
697
_a
A/CONTO
942
_c
BK
999
_c
164180
_d
164180